30 largest cities in France - Statistics

General Stats
  • This quiz has been taken 78 times
  • The average score is 20 of 30
Answer Stats
Population Region City % Correct
2,187,526 Île-de-France Paris
100%
863,310 Provence-Alpes-Côte d'Azur Marseille
98%
254,436 Nouvelle-Aquitaine Bordeaux
95%
516,092 Auvergne-Rhône-Alpes Lyon
95%
340,017 Provence-Alpes-Côte d'Azur Nice
95%
232,787 Hauts-de-France Lille
92%
479,553 Occitanie Toulouse
92%
280,966 Grand Est Strasbourg
88%
309,346 Pays de la Loire Nantes
86%
216,815 Brittany Rennes
85%
285,121 Occitanie Montpellier
78%
182,460 Grand Est Reims
74%
156,920 Bourgogne-Franche-Comté Dijon
72%
158,454 Auvergne-Rhône-Alpes Grenoble
72%
170,147 Normandy Le Havre
72%
140,064 Brittany Brest
69%
171,953 Provence-Alpes-Côte d'Azur Toulon
69%
172,565 Auvergne-Rhône-Alpes Saint-Étienne
66%
150,610 Occitanie Nîmes
55%
142,946 Pays de la Loire Le Mans
49%
134,057 Hauts-de-France Amiens
48%
143,886 Auvergne-Rhône-Alpes Clermont-Ferrand / Clermont
48%
147,931 Réunion Saint-Denis
48%
142,482 Provence-Alpes-Côte d'Azur Aix-en-Provence / Aix
45%
132,175 Nouvelle-Aquitaine Limoges
45%
152,960 Pays de la Loire Angers
43%
135,787 Centre-Val de Loire Tours
42%
120,158 Occitanie Perpignan
32%
147,712 Auvergne-Rhône-Alpes Villeurbanne
31%
126,924 Auvergne-Rhône-Alpes Annecy
26%
No matching quizzes found
Score Distribution
Percent of People with Each Score
Percentile by Number Answered
Your Score History
You have not taken this quiz